| 000 | 01706nam a2200313 i 4500 | ||
|---|---|---|---|
| 001 | 000016187 | ||
| 003 | DO-SdBNP | ||
| 005 | 20250813081134.0 | ||
| 007 | ta | ||
| 008 | 100301s2003 dr 001 0 spa d | ||
| 040 |
_aDO-SdBNP _bspa _cBNPHU _erda |
||
| 082 | 4 |
_a346.043 _bG633d _222 |
|
| 100 | 1 |
_aGómez, Wilson, _eautor _4aut. _98532 |
|
| 245 | 1 | 0 |
_aDerecho inmobiliario registral : _bintroducción a su estudio / _cWilson Gómez ; prólogo, Juan Luis Guzmán Bencosme. |
| 264 | 1 |
_aSanto Domingo : _bEditorial Claridad, _c2003. |
|
| 300 |
_a156 páginas ; _c21 cm. |
||
| 336 |
_atexto _btxt _2rdacontent |
||
| 337 |
_asin mediación _bn _2rdamedia |
||
| 338 |
_avolumen _bnc _2rdacarrier |
||
| 500 | _aIncluye datos biográficos del autor en la contracubierta. | ||
| 504 | _aBibliografía : páginas 151-156 | ||
| 505 | 0 | _aPresentación -- Prólogo -- Los sistemas inmobiliarios regístrales -- El registro de la propiedad en la República Dominicana -- Los derechos reales y los derechos personales -- Conceptos y definiciones regístrales -- La inscripción registral -- Los principios regístrales del sistema inmobiliario -- El registrador de la propiedad inmobiliaria -- El folio real -- El recurso de inconformidad en el sistema registral -- La seguridad jurídica -- La calidad fedataria del notario en el derecho registral -- El fraude y la clasificación en el ámbito registral -- Anexos Bibliografía. | |
| 590 | _aInventariado, 2018/LP | ||
| 650 | 4 |
_aBienes raíces _xLegislación _914523 |
|
| 650 | 4 |
_aRegistro de la propiedad _xLegislación _936217 |
|
| 700 | 1 |
_aGuzmán Bencosme, Juan Luis, _eprologuista _4pr. _936218 |
|
| 910 | _aValidado. Control de calidad EMS | ||
| 942 |
_2ddc _cLBS1 |
||
| 999 |
_c15726 _d15726 |
||